000 00448nam a2200181Ia 4500
005 20250423095725.0
008 250422s9999 xx 000 0 und d
020 _a9781138860681
050 _aSB 472 .I56/
100 _aEdited by Anderson, Jonathon R.
245 0 _aInnovations in landscape architecture
260 _aLondon
260 _bRoutledge
260 _c2016
300 _a72 p
650 _aLandscape architecture.
942 _cBK
999 _c31138
_d31138